| 000 | 00496nam a2200217Ia 4500 | ||
|---|---|---|---|
| 001 | 12820 | ||
| 003 | GE_BSU | ||
| 008 | 181216s||||||||xx |||||||||||||| ||und|| | ||
| 020 | _a0140305742 | ||
| 040 | _cGE_BSU | ||
| 080 | _a821.111-312.4 | ||
| 100 | _aSerraillier,Ian. | ||
| 245 | _aThere's no Escape. | ||
| 245 | _cIlustraded by C.Walter Hodges. | ||
| 260 | _aLondon. | ||
| 260 | _bPuffin Books. | ||
| 260 | _c1973 | ||
| 300 | _a222p;18cm. | ||
| 653 | _aThere's no Escape. | ||
| 942 | _cBK | ||
| 999 |
_c45991 _d45991 |
||